NFL Pro Bowl Quarterbacks 1960s - Statistics

General Stats
  • This quiz has been taken 127 times
    23 since last reset
  • The average score is 32 of 47
Answer Stats
Season Team Player % Correct
1966 Packers Bart Starr
100%
1962 Packers Bart Starr
100%
1961 Packers Bart Starr
100%
1960 Packers Bart Starr
100%
1967 Colts Johnny Unitas
100%
1966 Colts Johnny Unitas
100%
1964 Colts Johnny Unitas
100%
1963 Colts Johnny Unitas
100%
1962 Colts Johnny Unitas
100%
1961 Colts Johnny Unitas
100%
1960 Colts Johnny Unitas
100%
1969 Giants Fran Tarkenton
90%
1968 Giants Fran Tarkenton
90%
1967 Giants Fran Tarkenton
90%
1965 Vikings Fran Tarkenton
90%
1964 Vikings Fran Tarkenton
90%
1960 Eagles Norm Van Brocklin
81%
1969 Redskins Sonny Jurgensen
81%
1967 Redskins Sonny Jurgensen
81%
1966 Redskins Sonny Jurgensen
81%
1964 Redskins Sonny Jurgensen
81%
1961 Eagles Sonny Jurgensen
81%
1963 Giants Y. A. Tittle
76%
1962 Giants Y. A. Tittle
76%
1961 Giants Y. A. Tittle
76%
1968 Colts Earl Morrall
71%
1965 49ers John Brodie
71%
1968 Cowboys Don Meredith
67%
1967 Cowboys Don Meredith
67%
1966 Cowboys Don Meredith
67%
1969 Rams Roman Gabriel
67%
1968 Rams Roman Gabriel
67%
1967 Rams Roman Gabriel
67%
1969 Vikings Joe Kapp
62%
1963 Cardinals Charley Johnson
43%
1969 Browns Bill Nelsen
29%
1963 Bears Billy Wade
29%
1962 Cowboys Eddie LeBaron
29%
1961 Browns Milt Plum
29%
1960 Browns Milt Plum
29%
1965 Eagles Norm Snead
29%
1963 Redskins Norm Snead
29%
1962 Redskins Norm Snead
29%
1966 Browns Frank Ryan
24%
1965 Browns Frank Ryan
24%
1964 Browns Frank Ryan
24%
1969 Falcons Bob Berry
19%
No matching quizzes found
Score Distribution
Percent of People with Each Score
Percentile by Number Answered
Your Score History
You have not taken this quiz since the last reset